| 000 | 00550nam a2200193Ia 4500 | ||
|---|---|---|---|
| 999 |
_c1821 _d1821 |
||
| 003 | OSt | ||
| 005 | 20200928125908.0 | ||
| 008 | 190216s9999||||xx |||||||||||||| ||und|| | ||
| 020 | _a979*8123906163 | ||
| 040 | _coclc | ||
| 082 |
_a581.192 _bGOO/I |
||
| 100 |
_aGoodwin, T W _95074 |
||
| 245 | 0 |
_aIntroduction To Plant Biochemistry / _cT W Goodwin ; E I Mercer |
|
| 250 | _a2nd Ed. | ||
| 260 |
_bCbs Publishers, _c2003. _aNew Delhi: |
||
| 300 | _a677p | ||
| 650 | _aBotany | ||
| 942 |
_cBK _2ddc _h581.192 _iGOO/I _k581.192 _mGOO/I |
||